| 000 | 00411nam a2200181Ia 4500 | ||
|---|---|---|---|
| 001 | 16113 | ||
| 005 | 20260306170245.0 | ||
| 008 | 260306t2011||||xx |||||||||||||| ||und|| | ||
| 041 | _aESP | ||
| 082 |
_a346.61 _bH28 |
||
| 100 |
_aHayzus, Jorge Roberto _eAUT |
||
| 245 | 0 | _aFideicomiso | |
| 260 | _c2011 | ||
| 300 |
_a236 páginas : _c23 cm. |
||
| 650 | _aGEN | ||
| 654 | _aCDE | ||
| 942 |
_cLIB _dJUS _fJUS _2ddc _n |
||
| 999 |
_c16113 _d16113 |
||